000 00354nam a22001217a 4500
082 _a339.46
_bPOV 2019
100 _aWang Sangui
245 _aPoverty alleviation in contemporary china
_cWang Sangui (ed)
260 _aBeijing
_bChina Renmin University Press
300 _a298p
942 _2ddc
_cBK
999 _c588528
_d588528